|
|
|
|
| LEADER |
01965nam a2200469 i 4500 |
| 001 |
EBC1684213 |
| 003 |
MiAaPQ |
| 005 |
20200520144314.0 |
| 006 |
m o d | |
| 007 |
cr cnu|||||||| |
| 008 |
140515t20142014mdu ob 001 0 eng d |
| 020 |
|
|
|z 9780739188804
|
| 020 |
|
|
|a 9780739188811
|q (electronic bk.)
|
| 035 |
|
|
|a (MiAaPQ)EBC1684213
|
| 035 |
|
|
|a (Au-PeEL)EBL1684213
|
| 035 |
|
|
|a (CaPaEBR)ebr10867943
|
| 035 |
|
|
|a (CaONFJC)MIL604692
|
| 035 |
|
|
|a (OCoLC)879202622
|
| 040 |
|
|
|a MiAaPQ
|b eng
|e rda
|e pn
|c MiAaPQ
|d MiAaPQ
|
| 043 |
|
|
|a n-us---
|
| 050 |
|
4 |
|a HF3031
|b .R533 2014
|
| 082 |
0 |
|
|a 382/.170973
|2 23
|
| 100 |
1 |
|
|a Richman, Jesse T.,
|e author.
|
| 245 |
1 |
0 |
|a Balanced trade :
|b ending the unbearable costs of America's trade deficits /
|c Jesse T. Richman, Howard B. Richman, and Raymond L. Richman.
|
| 264 |
|
1 |
|a Lanham, Maryland :
|b Lexington Books,
|c 2014.
|
| 264 |
|
4 |
|c 2014
|
| 300 |
|
|
|a 1 online resource (144 pages)
|
| 336 |
|
|
|a text
|2 rdacontent
|
| 337 |
|
|
|a computer
|2 rdamedia
|
| 338 |
|
|
|a online resource
|2 rdacarrier
|
| 504 |
|
|
|a Includes bibliographical references and index.
|
| 588 |
|
|
|a Description based on print version record.
|
| 590 |
|
|
|a Electronic reproduction. Ann Arbor, MI : ProQuest, 2015. Available via World Wide Web. Access may be limited to ProQuest affiliated libraries.
|
| 650 |
|
0 |
|a Balance of trade
|z United States.
|
| 651 |
|
0 |
|a United States
|x Commerce.
|
| 651 |
|
0 |
|a United States
|x Economic policy.
|
| 655 |
|
4 |
|a Electronic books.
|
| 700 |
1 |
|
|a Richman, Howard B.,
|e author.
|
| 700 |
1 |
|
|a Richman, Raymond L.
|q (Raymond Leonard),
|d 1918-
|e author.
|
| 776 |
0 |
8 |
|i Print version:
|a Richman, Jesse T.
|t Balanced trade : ending the unbearable costs of America's trade deficits.
|d Lanham, Maryland : Lexington Books, c2014
|h ix, 133 pages
|z 9780739188804
|w 2014003585
|
| 797 |
2 |
|
|a ProQuest (Firm)
|
| 856 |
4 |
0 |
|u https://ebookcentral.proquest.com/lib/matrademy/detail.action?docID=1684213
|z Click to View
|